| 000 | 00533nam a22001697a 4500 | ||
|---|---|---|---|
| 005 | 20260107161151.0 | ||
| 008 | 260107b |||||||| |||| 00| 0 eng d | ||
| 020 | _a978-0-414-025-452-6 | ||
| 050 | _aKD 691.C73 2012 | ||
| 100 | _aGREENBERG DANIEL | ||
| 245 |
_aCRAIES ON LEGISLATION _bA PRACTIONERS GUIDE TO THE NATURE ,PROCESS,EFFECT AND INTERPRETATION OF LEGISLATION |
||
| 260 |
_aLONDON _bSWEET AND MAXWELL _c2012 |
||
| 300 | _aX,1192 | ||
| 500 | _aINCLUDES AN INDEX | ||
| 650 | _aStatutory interpretation | ||
| 942 |
_2lcc _cBK |
||
| 999 |
_c216424 _d216424 |
||